00948nam a22002537a 4500003001100000005001700011008004100028020001500069040003900084041000800123082001500131100002400146130009500170245005300265260003900318300004100357490006100398650004200459650003100501650005000532942000700582952009000589999001500679LK-CoMWRAF20231213103929.0231213b2001 |||||||| |||| 00| 0 eng d a9555820201 aLK-CoMWRAFdLK-CoMWRAFeLK-CoMWRAF aeng a303.6bJAY a Jayaweera, Neville aA history of ethnic conflict in Sri Lanka: recollection, reinterpretation & reconciliation a The role of the churches in the ethnic conflict aColombo: bMarga Institute, c2001 a22 p. ; 23 cmbBibliography included aMarga monograph series on ethnic reconciliation vno. 17 aChurch and social problems- Sri Lanka aEthnic conflict- Sri Lanka aTamil (Indic people)- Politics and government cBK 00104070aMAINbMAINd2023-12-13l0o303.6 JAYpRAF4528r2023-12-13w2023-12-13yBK c4391d4391